Skip to content
VuFind
All Fields
Title
Author
Subject
Call Number
ISBN/ISSN
Tag
Find
Advanced
Di bibir mu ada lagu
Cite this
Print
Export Record
Export to RefWorks
Export to EndNoteWeb
Export to EndNote
Export to MARC
Di bibir mu ada lagu
Bibliographic Details
Format:
Book
Holdings
Description
Similar Items
Staff View
MARC
LEADER
00000cam a2200000 7i4500
001
0000008683
002
000009462
005
20000330.0
020
|a
9839806033
090
0
0
|a
F
|b
SHA
245
1
0
|a
Di bibir mu ada lagu
999
|a
049223
|b
BUKU
|c
PINJAMAN
|e
PERPUSTAKAAN KOMUNITI PETALING JAYA
Similar Items
Bibir [
by: M. Haikal
Di Bibirmu Ada Lagu
by: Shai
Published: (1995)
Muram di wajah senyum di bibir
by: Fredy.S
Published: (2003)
Bibir dimakan tikus
by: Muhd Nur Azlan Abdullah
Published: (2006)
Menanam tebu di tepi bibir
by: Smahadzir
Published: (2011)